<La> Monnaie Systéme financier et théorie monétaire
Na minha lista:
| Autor principal: | |
|---|---|
| Formato: | Livro |
| Idioma: | francês |
| Publicado em: |
Paris
Economica
1989
|
| Edição: | 1. éd. |
| Assuntos: | |
| Tags: |
Sem tags, seja o primeiro a adicionar uma tag!
|
MARC
| LEADER | 00000nam a2200000 4500 | ||
|---|---|---|---|
| 001 | c000511 | ||
| 005 | 20221215130541.8 | ||
| 020 | |a 2-7178-1421-3 | ||
| 041 | 0 | |a fre | |
| 044 | |a FR | ||
| 245 | 1 | 0 | |a <La> Monnaie |b Systéme financier et théorie monétaire |c Michelle de Mourgues |
| 250 | |a 1. éd. | ||
| 264 | 1 | |a Paris |b Economica |c 1989 | |
| 300 | |a 682 s. | ||
| 610 | 2 | 0 | |a peniaze |
| 610 | 2 | 0 | |a monetarizmus |
| 610 | 2 | 0 | |a sústava finančná |
| 610 | 2 | 0 | |a nástroje finančné |
| 610 | 2 | 0 | |a prostriedky platobné |
| 610 | 2 | 0 | |a pôžičky |
| 610 | 2 | 0 | |a devízy |
| 610 | 2 | 0 | |a likvidita |
| 610 | 2 | 0 | |a rovnováha peňažná |
| 610 | 2 | 0 | |a banky |
| 610 | 2 | 0 | |a vzťahy peňažné medzinárodné |
| 610 | 2 | 0 | |a trh peňažný |
| 610 | 2 | 0 | |a trh devízový |
| 610 | 2 | 0 | |a úver |
| 610 | 2 | 0 | |a trh práce |
| 610 | 2 | 0 | |a rovnováha hospodárska |
| 100 | 1 | |a Mourgues, Michelle de | |